Beeren & Bären - Statistiken

Allgemein
  • Dieses Quiz wurde 147 mal gespielt
    131 seit der letzten Aktualisierung
  • Das Durchschnittsergebnis liegt bei 18 aus 28
Antwortstatistiken
Bildquiz Antwort % Korrekt
Koala
99%
Grizzly
98%
Großer Panda
98%
Waschbär
97%
Heidelbeere
96%
Himbeere
96%
Eisbär
95%
Erdbeere
95%
Brombeere
91%
Johannisbeere
89%
Schwarzbär
87%
Ameisenbär
82%
Stachelbeere
77%
Kleiner Panda / Katzenbär
76%
Physalis / Kapstachelbeere
73%
Nasenbär
63%
Vogelbeere
63%
Holunder
50%
Brillenbär / Andenbär
46%
Sanddorn
40%
Moosbeere / Cranberry
37%
Kragenbär
36%
Goji-Beere
22%
Lippenbär
17%
Malaienbär / Sonnenbär
15%
Maulbeere
15%
Apfelbeere / Aronia
12%
Wickelbär
5%
Keine übereinstimmenden Quizze gefunden
Verteilung der Resultate
Anzahl Personen mit jedem Resultat
Perzentil nach korrekt beantworteten Fragen
Ihre Resultats-Entwicklung
Sie haben dieses Quiz seit der letzten Aktualisierung nicht gespielt